Sports Quiz

Random Sports or Soccer Quiz

2018/19 EPL Clubs, Managers, Captains and Top Scorers Quiz Stats

 Plays Quiz not verified by Sporcle

Score 0/80 Timer 10:00
4 Plays Today
% Correct
1st Manchester City (CL) 98
98.1%
2nd Liverpool (CL) 97
97.9%
5th Arsenal (EL) 70
97.8%
3rd Chelsea (CL) 72
97.6%
4th Tottenham Hotspur (CL) 71
97.5%
6th Manchester United (ELQ) 66
97.5%
7th Wolverhampton W's 57
94.3%
Jürgen Klopp
94.3%
8th Everton 54
93.8%
Pep Guardiola
93%
18th Cardiff City (R) 34
92.7%
20th Huddersfield Town (R) 16
92.2%
19th Fulham (R) 26
91.9%
Sadio Mané, Mohamed Salah-22
91.5%
Maurizio Sarri
91.4%
13th Newcastle United 45
90.7%
17th Brighton & Hove Albion 36
90.5%
Harry Kane-17
90.5%
Sergio Agüero-21
90.4%
Vincent Kompany
90.2%
9th Leicester City 52
89.7%
10th West Ham United 52
89.5%
Jordan Henderson
88.9%
José Mourinho, Ole G Solskjær
88.5%
16th Southampton 39
88.4%
Eden Hazard-16
88.4%
Unai Emery
88.2%
11th Watford 50
88.1%
14th Bournemouth 45
86.2%
Mauricio Pochettino
86%
12th Crystal Palace 49
84.2%
Paul Pogba-13
83.8%
Pierre-Emerick Aubameyang-22
83.4%
15th Burnley 40
82.4%
Hugo Lloris
77.6%
Jamie Vardy-18
77%
Rafa Benítez
76.9%
Claude Puel, Brendan Rodgers
74%
Jokanović, Ranieri, Parker (c)
73.5%
Marco Silva
72.8%
% Correct
Eddie Howe
70.6%
Troy Deeney
70.5%
Richarlison, Gylfi Sigurðsson-13
69.6%
Manuel Pellegrini
68.8%
Gary Cahill
68.7%
Nuno Espírito Santo
68.3%
Neil Warnock
68.2%
Sean Dyche
66.6%
Raúl Jiménez-13
66.2%
Roy Hodgson
66%
Chris Hughton
65.5%
Laurent Koscielny
65.3%
Callum Wilson-14
64.8%
Antonio Valencia
64.1%
Aleksandar Mitrović-11
62.9%
Wes Morgan
62.5%
Mark Noble
61.5%
David Wagner, Jan Siewert
61.3%
Ayoze Pérez-12
61.2%
Glenn Murray-13
60.6%
Marko Arnautović-10
60.1%
Phil Jagielka
58.3%
Mark Hughes, Ralph Hasenhüttl
56%
Javi Gracia
52.7%
Conor Coady
52.1%
Ashley Barnes-12
50.8%
Danny Ings, James Ward-Prowse-7
48.7%
Luka Milivojević
47.6%
Luka Milivojević-12
46.4%
Jamaal Lascelles
44.4%
Gerard Deulofeu-10
38.4%
Tom Heaton
34.8%
Bruno
33.3%
Tom Cairney
29.7%
Simon Francis
29.5%
Víctor Camarasa, Bobby Reid-5
28.1%
T Smith, C Schindler
27.2%
Sean Morrison
24.2%
Karlan Grant-4
18.3%
Pierre-Emile Højbjerg
14.3%

You're not logged in!

Compare scores with friends on all Sporcle quizzes.
OR
Log In

Show Comments

Extras

Top Quizzes Today


Score Distribution

Your Account Isn't Verified!

In order to create a playlist on Sporcle, you need to verify the email address you used during registration. Go to your Sporcle Settings to finish the process.

Report this User

Report this user for behavior that violates our Community Guidelines.

Details: